000 00420nam a22001697a 4500
003 UA-OsUOA
001 5332
007 ta
008 20050721b un ||||| |||| 00| 0 ukr d
100 _aКосік
700 _aЮ. А.
942 _cBK
040 _aUA-OsUOA
_cUA-OsUOA
_dUA-OsUOA
245 _aОсобливості функц. нім. запоз. XVI-XX ст. в суч...
_bBA Paper
955 _a2
650 7 _2UDC
999 _c291494
_d291494